The philippine presidents and other nation builders (Record no. 2449)

MARC details
000 -LEADER
fixed length control field 00553nam a22001817a 4500
003 - CONTROL NUMBER IDENTIFIER
control field URS
005 - DATE AND TIME OF LATEST TRANSACTION
control field 20220114153104.0
008 - FIXED-LENGTH DATA ELEMENTS--GENERAL INFORMATION
fixed length control field 190429s2004 ph a|||| |||| 00| 0 eng d
020 ## - INTERNATIONAL STANDARD BOOK NUMBER
International Standard Book Number 9716100590
040 ## - CATALOGING SOURCE
Transcribing agency URS
Language of cataloging eng
Modifying agency rda
050 14 - LIBRARY OF CONGRESS CALL NUMBER
Classification number DS 668
Item number .N433 2004
100 1# - MAIN ENTRY--PERSONAL NAME
Personal name Nem Sing, Rosario P.
245 10 - TITLE STATEMENT
Title The philippine presidents and other nation builders
Statement of responsibility, etc. Rosario P. Nem Singh.
260 ## - PUBLICATION, DISTRIBUTION, ETC.
Place of publication, distribution, etc. Quezon City:
Name of publisher, distributor, etc. Isa-Jecho Publishing;
Date of publication, distribution, etc. [2004]
300 ## - PHYSICAL DESCRIPTION
Extent v, 222 pages:
Other physical details with illustrations;
Dimensions 20 cm.
504 ## - BIBLIOGRAPHY, ETC. NOTE
Bibliography, etc. note Bibliography: pages 221
942 ## - ADDED ENTRY ELEMENTS (KOHA)
Source of classification or shelving scheme Library of Congress Classification
Koha item type Filipiniana
Holdings
Withdrawn status Source of classification or shelving scheme Damaged status Not for loan Collection code Home library Current library Shelving location Date acquired Total Checkouts Full call number Barcode Date last seen Price effective from Koha item type Copy number
  Library of Congress Classification     Non-fiction Cainta College Library Cainta College Library On Display 03/14/2018   DS 668.N433 2004 URSCAI-3235 03/14/2018 03/14/2018 Filipiniana  
  Library of Congress Classification     Fiction Pililla College Library Pililla College Library Fiction 03/22/2017   SI643 2004 SI643 03/22/2017 03/22/2017 Filipiniana 1
  Library of Congress Classification     Non-fiction Pililla College Library Pililla College Library General Stacks 05/22/2017   959.9046 Si6 2004 URSPIL-1966 07/25/2018 05/22/2017 Filipiniana 1

University of Rizal System
Email us at univlibservices@urs.edu.ph

Visit our Website www.urs.edu.ph/library